[Event "BL 1920 SV Werder Bremen - BCA Augsburg"]
[Site "?"]
[Date "2021.10.14"]
[Round "10.8"]
[White "Wachinger, Nikolas"]
[Black "Pitl, Gregory"]
[Result "1/2-1/2"]
[WhiteElo "2313"]
[BlackElo "2377"]
[PlyCount "116"]
[EventDate "2021.??.??"]

1. e4 e5 2. Nf3 d6 3. d4 exd4 4. Nxd4 Nf6 5. Nc3 Be7 6. Bf4 O-O 7. Qd2 c6 8.
O-O-O b5 9. f3 b4 10. Na4 Bd7 11. g4 c5 12. Nf5 Bxa4 13. Nxe7+ Qxe7 14. Bxd6
Qe8 15. Bxc5 Nbd7 16. Bxb4 Rc8 17. b3 Qe5 18. Qd4 Qf4+ 19. Kb2 Rfe8 20. Be2 Bc6
21. Bd6 Ne5 22. h4 Nfd7 23. Qd2 Qf6 24. Qd4 Qf4 25. Rh3 a5 26. Qd2 Qf6 27. Qd4
Re6 28. g5 Qf4 29. Qd2 Qxd2 30. Rxd2 Nb6 31. f4 Ned7 32. e5 Ree8 33. c4 Ra8 34.
Rhd3 Nf8 35. Bg4 Ng6 36. Rf2 Nxh4 37. Bc7 Nc8 38. f5 Ra7 39. Bd8 Ne7 40. Bb6
Rb7 41. Bxa5 Be4 42. Rh3 Nexf5 43. Rfh2 Rxe5 44. Bc3 Ree7 45. Bxf5 Nxf5 46.
Rxh7 f6 47. gxf6 gxf6 48. Rxe7 Rxe7 49. Bxf6 Rd7 50. a4 Kf7 51. Rh7+ Ke6 52.
Rxd7 Kxd7 53. b4 Nd6 54. Kb3 Bf3 55. b5 Bd1+ 56. Kb4 Nxc4 57. Kxc4 Bxa4 58. Kb4
Bxb5 1/2-1/2

[Event "BL 1920 SV Hockenheim - SK Doppelbauer "]
[Site "?"]
[Date "2021.10.14"]
[Round "10.1"]
[White "Demchenko, Anton"]
[Black "Inarkiev, Ernesto"]
[Result "0-1"]
[WhiteElo "2651"]
[BlackElo "2668"]
[PlyCount "138"]
[EventDate "2021.??.??"]

1. e4 e5 2. Nf3 Nc6 3. Bc4 Nf6 4. d3 Bc5 5. Nc3 h6 6. O-O d6 7. Na4 Bb6 8. Nxb6
axb6 9. Nd2 O-O 10. c3 Be6 11. Bxe6 fxe6 12. b4 b5 13. Bb2 Qd7 14. a3 b6 15.
Qe2 Ne7 16. c4 Ng6 17. g3 d5 18. Rac1 c6 19. cxb5 cxb5 20. d4 exd4 21. e5 Ne4
22. Nxe4 dxe4 23. Qxe4 Ne7 24. Rcd1 Qd5 25. Qxd5 Nxd5 26. Rxd4 Rac8 27. Rd2 g5
28. Rc1 Rxc1+ 29. Bxc1 Rc8 30. Bb2 Kf7 31. Kg2 Kg6 32. Kf3 Rc4 33. Ke2 g4 34.
f3 gxf3+ 35. Kxf3 h5 36. h3 Kf5 37. Rf2 Re4 38. g4+ hxg4+ 39. Kg3+ Kg5 40. Bc1+
Kh5 41. hxg4+ Rxg4+ 42. Kf3 Rg1 43. Bd2 Kg6 44. Rh2 Kg7 45. Rh3 Rd1 46. Ke2 Ra1
47. Rg3+ Kf7 48. Kf2 Rh1 49. Kf3 Rh4 50. Rg2 Rh3+ 51. Rg3 Rh4 52. Rg2 Rd4 53.
Rh2 Rd3+ 54. Ke4 Rxa3 55. Rh7+ Ke8 56. Rh8+ Kd7 57. Rh7+ Kc6 58. Rh6 Nc7 59.
Bg5 Rc3 60. Bd8 Rc4+ 61. Kf3 Kd5 62. Rh7 Na6 63. Bf6 Rc3+ 64. Kg4 Rc7 65. Rh8
Nxb4 66. Rd8+ Ke4 67. Rd6 Nd5 68. Rxe6 b4 69. Re8 b3 0-1

[Event "BL 1920 SV Hockenheim - SK Doppelbauer "]
[Site "?"]
[Date "2021.10.14"]
[Round "10.2"]
[White "Ponomariov, Ruslan"]
[Black "Dziuba, Marcin"]
[Result "1-0"]
[WhiteElo "2631"]
[BlackElo "2578"]
[PlyCount "73"]
[EventDate "2021.??.??"]

1. e4 e6 2. d4 d5 3. Nc3 Nf6 4. e5 Nfd7 5. f4 c5 6. Nf3 Nc6 7. Be3 Be7 8. Qd2
a6 9. Be2 b5 10. a3 O-O 11. O-O Rb8 12. dxc5 Nxc5 13. Nd4 Bd7 14. b4 Nb7 15.
Bd3 Qc7 16. Nxc6 Bxc6 17. Ne2 Bd7 18. Rf3 f5 19. Nd4 Nd8 20. g4 Nc6 21. Rg3
Nxd4 22. Bxd4 g6 23. gxf5 exf5 24. Qg2 Rf7 25. Kh1 Kf8 26. Rg1 Qc6 27. h4 Be6
28. h5 Rg7 29. Qh3 g5 30. fxg5 f4 31. Qf1 Ke8 32. Qxf4 Kd7 33. g6 hxg6 34. Rxg6
Rxg6 35. Rxg6 Rh8 36. h6 Bf8 37. Qf6 1-0

[Event "BL 1920 SV Hockenheim - SK Doppelbauer "]
[Site "?"]
[Date "2021.10.14"]
[Round "10.3"]
[White "Glud, Jakob Vang"]
[Black "Saric, Ivan"]
[Result "1/2-1/2"]
[WhiteElo "2524"]
[BlackElo "2644"]
[PlyCount "69"]
[EventDate "2021.??.??"]

1. c4 e5 2. g3 c6 3. d4 e4 4. Nc3 Bb4 5. Qb3 a5 6. Bh3 d5 7. a3 Bxc3+ 8. Qxc3
Ne7 9. Bg5 f6 10. Bd2 O-O 11. Rc1 b5 12. b3 Bxh3 13. Nxh3 Qd7 14. Nf4 a4 15.
O-O g5 16. Ng2 axb3 17. cxb5 Rxa3 18. Ra1 Rxa1 19. Rxa1 cxb5 20. Qxb3 Nf5 21.
Bb4 Rd8 22. Bc5 Nc6 23. Ne3 Nxe3 24. Qxe3 Qb7 25. f3 exf3 26. Qxf3 Kg7 27. h4
Qd7 28. Ra6 Re8 29. hxg5 fxg5 30. Rb6 Qe6 31. Qh5 h6 32. Bd6 Qxd6 33. Qxe8
Qxg3+ 34. Kh1 Qh3+ 35. Kg1 1/2-1/2

[Event "BL 1920 SV Hockenheim - SK Doppelbauer "]
[Site "?"]
[Date "2021.10.14"]
[Round "10.4"]
[White "Braun, Arik"]
[Black "Bjerre, Jonas Buhl"]
[Result "1/2-1/2"]
[WhiteElo "2589"]
[BlackElo "2569"]
[PlyCount "93"]
[EventDate "2021.??.??"]

1. d4 Nf6 2. Bg5 d5 3. Bxf6 gxf6 4. c4 e5 5. e3 exd4 6. exd4 Bb4+ 7. Nc3 Qe7+
8. Qe2 dxc4 9. Qxe7+ Bxe7 10. Bxc4 Nc6 11. Nge2 Bg4 12. f3 Bf5 13. Nd5 Kf8 14.
Ne3 Be6 15. O-O-O Bxc4 16. Nxc4 Rg8 17. g3 Rd8 18. a3 h5 19. Ne3 Bd6 20. Kc2
Ne7 21. f4 f5 22. Rhf1 h4 23. Rg1 Rg6 24. Nc3 hxg3 25. hxg3 Kg7 26. Rg2 Rh8 27.
Kd3 Rh3 28. Rdg1 c6 29. Ncd1 Kf8 30. Nf2 Rh8 31. b4 Bc7 32. a4 a6 33. Kc3 Re6
34. Kd3 Bb6 35. Rh1 Rg8 36. Rh5 Reg6 37. Nxf5 Nd5 38. Nh3 Nxb4+ 39. Kc4 Nd5 40.
Rb2 Rxg3 41. Nxg3 Rxg3 42. Rxd5 cxd5+ 43. Kxd5 Bxd4 44. Kxd4 Rxh3 45. Rxb7 Rh5
46. Rb8+ Kg7 47. Ke4 1/2-1/2

[Event "BL 1920 SV Hockenheim - SK Doppelbauer "]
[Site "?"]
[Date "2021.10.14"]
[Round "10.5"]
[White "Gavrilescu, David"]
[Black "Wagner, Dennis"]
[Result "1/2-1/2"]
[WhiteElo "2505"]
[BlackElo "2576"]
[PlyCount "43"]
[EventDate "2021.??.??"]

1. e4 e5 2. Nf3 Nc6 3. d4 exd4 4. Nxd4 Nf6 5. Nxc6 bxc6 6. e5 Qe7 7. Qe2 Nd5 8.
c4 Ba6 9. Nd2 O-O-O 10. b3 f6 11. g3 Nb4 12. Nf3 fxe5 13. Bg5 Qf7 14. Bxd8 Nc2+
15. Kd1 Nxa1 16. Bg5 Qf5 17. Bc1 Bb4 18. g4 Qb1 19. Qb2 Qe4 20. Qe2 Qb1 21. Qb2
Qe4 22. Qe2 1/2-1/2

[Event "BL 1920 SV Hockenheim - SK Doppelbauer "]
[Site "?"]
[Date "2021.10.14"]
[Round "10.6"]
[White "Buhmann, Rainer"]
[Black "Hector, Jonny"]
[Result "1/2-1/2"]
[WhiteElo "2580"]
[BlackElo "2443"]
[PlyCount "49"]
[EventDate "2021.??.??"]

1. d4 d5 2. Nf3 Nf6 3. c4 c6 4. e3 Bf5 5. Nc3 e6 6. Nh4 Be7 7. Nxf5 exf5 8. Qb3
Qd7 9. Bd2 O-O 10. Rc1 Rd8 11. Be2 Ne4 12. Nxe4 fxe4 13. O-O Na6 14. cxd5 cxd5
15. Rc2 Rac8 16. Rfc1 Rxc2 17. Qxc2 Nb8 18. Qc7 Bd6 19. Qxd7 Nxd7 20. Ba5 b6
21. Bd2 Kf8 22. a3 Ke7 23. g4 g5 24. Kg2 Nf6 25. h3 1/2-1/2

[Event "BL 1920 SV Hockenheim - SK Doppelbauer "]
[Site "?"]
[Date "2021.10.14"]
[Round "10.7"]
[White "Parvanyan, Ashot"]
[Black "Baramidze, David"]
[Result "1/2-1/2"]
[WhiteElo "2453"]
[BlackElo "2601"]
[PlyCount "64"]
[EventDate "2021.??.??"]

1. Nf3 d5 2. d4 Nf6 3. c4 c6 4. Qb3 dxc4 5. Qxc4 Bf5 6. g3 e6 7. Bg2 Be7 8. O-O
O-O 9. Qb3 Qb6 10. Nbd2 Rd8 11. Nc4 Qa6 12. Bf4 Be4 13. a4 c5 14. dxc5 Nbd7 15.
Qb5 Nxc5 16. Qxa6 Nxa6 17. Nfe5 Bxg2 18. Kxg2 Rac8 19. Na5 Rd5 20. Nac4 Nc5 21.
Be3 Nfe4 22. f3 Nd6 23. Nxd6 Bxd6 24. Nc4 Bf8 25. Bxc5 Rdxc5 26. b3 b5 27. axb5
Rxb5 28. Rxa7 Rxb3 29. Ra4 Rc3 30. Ne5 Rc2 31. Re1 g6 32. Kf1 Bg7 1/2-1/2

[Event "BL 1920 SV Hockenheim - SK Doppelbauer "]
[Site "?"]
[Date "2021.10.14"]
[Round "10.8"]
[White "Moiseenko, Alexander"]
[Black "Pajeken, Jakob Leon"]
[Result "1-0"]
[WhiteElo "2622"]
[BlackElo "2395"]
[PlyCount "61"]
[EventDate "2021.??.??"]

1. d4 d5 2. c4 dxc4 3. e3 Nf6 4. Bxc4 e6 5. Nf3 c5 6. O-O Nc6 7. Qe2 a6 8. Nc3
b5 9. Bb3 Bb7 10. Rd1 Be7 11. dxc5 Qc7 12. e4 Bxc5 13. Bg5 O-O 14. Rac1 Na5 15.
Bc2 Ng4 16. Bh4 Nc4 17. Bg3 Nge5 18. Nxe5 Nxe5 19. Bb3 g6 20. a4 b4 21. Nb1
Rfd8 22. Nd2 Rac8 23. h4 Qb8 24. Nf3 Nxf3+ 25. Qxf3 Qa7 26. Rxd8+ Rxd8 27. Qf6
Rc8 28. Be5 Kf8 29. Rd1 Ke8 30. Qh8+ Bf8 31. Bd6 1-0

[Event "BL 1920 SG Speyer-Schwegenheim - Hambur"]
[Site "?"]
[Date "2021.10.14"]
[Round "10.1"]
[White "Grandelius, Nils"]
[Black "Oleksiyenko, Mykhaylo"]
[Result "1-0"]
[WhiteElo "2662"]
[BlackElo "2586"]
[PlyCount "53"]
[EventDate "2021.??.??"]

1. e4 e5 2. Nf3 Nc6 3. Bb5 Nf6 4. d3 Bc5 5. c3 O-O 6. O-O d6 7. Re1 a6 8. Bxc6
bxc6 9. Bg5 h6 10. Bh4 g5 11. Bg3 Bg4 12. Nbd2 Bb6 13. Nc4 Bh5 14. d4 d5 15.
Ncxe5 Nxe4 16. Nxc6 Qf6 17. Nce5 Rfd8 18. Qd3 c5 19. Nd2 Nxd2 20. Qxd2 Rac8 21.
h3 Qg7 22. dxc5 Bxc5 23. Nd3 Ba7 24. Be5 Qf8 25. Bd4 Bb8 26. Re3 Bg6 27. Ne5
1-0

[Event "BL 1920 SG Speyer-Schwegenheim - Hambur"]
[Site "?"]
[Date "2021.10.14"]
[Round "10.2"]
[White "Neiksans, Arturs"]
[Black "Svane, Rasmus"]
[Result "1/2-1/2"]
[WhiteElo "2570"]
[BlackElo "2625"]
[PlyCount "82"]
[EventDate "2021.??.??"]

1. e4 e5 2. Nf3 Nc6 3. Bb5 a6 4. Ba4 Nf6 5. O-O Be7 6. d3 b5 7. Bb3 d6 8. c3
O-O 9. Nbd2 Na5 10. Bc2 c5 11. Re1 Nc6 12. Nf1 h6 13. Ng3 Re8 14. h3 Be6 15. d4
cxd4 16. cxd4 exd4 17. Nxd4 Nxd4 18. Qxd4 Qc7 19. Qd1 Rac8 20. Bb3 Bxb3 21.
axb3 d5 22. exd5 Bc5 23. Rxe8+ Rxe8 24. Nf1 Rd8 25. Be3 Rxd5 26. Qc2 Qb6 27.
Bxc5 Qxc5 28. Qxc5 Rxc5 29. Rxa6 Rc1 30. Rd6 Ne4 31. Rd4 f5 32. g4 Ng5 33. Rd3
fxg4 34. hxg4 Ne6 35. Rd5 b4 36. Rb5 Nf4 37. Rxb4 g5 38. Rc4 Ne2+ 39. Kg2 Nf4+
40. Kg1 Ne2+ 41. Kg2 Nf4+ 1/2-1/2

[Event "BL 1920 SG Speyer-Schwegenheim - Hambur"]
[Site "?"]
[Date "2021.10.14"]
[Round "10.3"]
[White "Miton, Kamil"]
[Black "Meshkovs, Nikita"]
[Result "1/2-1/2"]
[WhiteElo "2579"]
[BlackElo "2550"]
[PlyCount "243"]
[EventDate "2021.??.??"]

1. d4 Nf6 2. Nf3 e6 3. c4 d5 4. Nc3 a6 5. cxd5 exd5 6. Bg5 Be6 7. Bxf6 Qxf6 8.
Qb3 Ra7 9. h4 Qd8 10. Ng5 c5 11. dxc5 Nd7 12. O-O-O Nxc5 13. Qc2 Be7 14. g3 b5
15. Bg2 Rd7 16. Kb1 b4 17. Na4 Nxa4 18. Nxe6 fxe6 19. Qxa4 O-O 20. f4 Rd6 21.
e4 dxe4 22. Bxe4 Bf6 23. Qb3 Kh8 24. Bc2 a5 25. Qf3 Rxd1+ 26. Rxd1 Qe7 27. Qh5
g6 28. Qxa5 Bg7 29. Qb5 Qa7 30. Qe2 Qc5 31. Qxe6 Qf2 32. h5 Qxg3 33. hxg6 Qxf4
34. gxh7 Qg5 35. Bb3 Qf5+ 36. Qxf5 Rxf5 37. Bc2 Rf8 38. Re1 Rf2 39. Rg1 Rf3 40.
Kc1 Rf2 41. Kd1 Rf8 42. Kc1 Rf2 43. a4 b3 44. Bxb3 Bxb2+ 45. Kb1 Bd4 46. Rd1
Bc3 47. Bc2 Bd2 48. Ka2 Ba5 49. Kb3 Rf3+ 50. Kc4 Rf8 51. Be4 Rb8 52. Rf1 Rb4+
53. Kd5 Rb8 54. Kc6 Bc3 55. Rf7 Re8 56. Bf5 Rb8 57. Re7 Bb4 58. Re4 Bc3 59. Rg4
Rf8 60. Be4 Re8 61. Kd7 Rb8 62. Rg5 Rf8 63. Rb5 Bf6 64. a5 Rd8+ 65. Ke6 Bd4 66.
a6 Re8+ 67. Kf5 Kxh7 68. a7 Bxa7 69. Rb7+ Kh6 70. Rxa7 Rf8+ 71. Kg4 Rg8+ 72.
Kf4 Rg4+ 73. Kf5 Rg5+ 74. Kf6 Rg6+ 75. Ke5 Rg7 76. Ra1 Rf7 77. Rg1 Ra7 78. Bf5
Rg7 79. Rh1+ Kg5 80. Rh8 Re7+ 81. Be6 Rg7 82. Rh1 Rg6 83. Bf7 Rg7 84. Rf1 Kh6
85. Be6 Kg5 86. Rf4 Rg6 87. Rf7 Kh4 88. Bf5 Rg8 89. Ra7 Kg5 90. Be6 Rg6 91. Ra2
Rg7 92. Rf2 Rg6 93. Rf7 Kh4 94. Bf5 Rg8 95. Kf4 Rg4+ 96. Kf3 Rg3+ 97. Kf2 Rg8
98. Be4 Kg4 99. Rf3 Rb8 100. Bf5+ Kg5 101. Bd3 Re8 102. Kg3 Re5 103. Bc2 Rc5
104. Bb3 Re5 105. Rc3 Rb5 106. Bc2 Ra5 107. Kf3 Ra6 108. Rc5+ Kf6 109. Kf4 Ke6
110. Rg5 Ra1 111. Be4 Rf1+ 112. Bf3 Re1 113. Rg6+ Kd7 114. Be4 Rc1 115. Ke5 Kc7
116. Rg7+ Kb6 117. Rb7+ Ka5 118. Kd4 Ka6 119. Rb2 Rc7 120. Bd5 Ka7 121. Ke5 Ka6
122. Kd6 1/2-1/2

[Event "BL 1920 SG Speyer-Schwegenheim - Hambur"]
[Site "?"]
[Date "2021.10.14"]
[Round "10.4"]
[White "Pavlidis, Antonios"]
[Black "Kempinski, Robert"]
[Result "1/2-1/2"]
[WhiteElo "2531"]
[BlackElo "2565"]
[PlyCount "59"]
[EventDate "2021.??.??"]

1. e4 c5 2. Nf3 Nc6 3. Bb5 e6 4. O-O Nge7 5. d4 cxd4 6. Nxd4 Qb6 7. Be3 Nxd4 8.
a4 Nec6 9. Bxc6 bxc6 10. Bxd4 c5 11. Bc3 Qc6 12. Re1 h5 13. Nd2 f6 14. Nc4 Ba6
15. b3 Be7 16. Na5 Qc7 17. Qf3 Rb8 18. Rad1 d6 19. Nc4 Bxc4 20. bxc4 Qc6 21. a5
Kf7 22. Qe2 g5 23. Rb1 Rb7 24. h3 Kg6 25. Qe3 e5 26. Qf3 Rhb8 27. Rxb7 Rxb7 28.
Qf5+ Kg7 29. h4 Qe8 30. hxg5 1/2-1/2

[Event "BL 1920 SG Speyer-Schwegenheim - Hambur"]
[Site "?"]
[Date "2021.10.14"]
[Round "10.5"]
[White "Rogozenco, Dorian"]
[Black "Kantans, Toms"]
[Result "0-1"]
[WhiteElo "2466"]
[BlackElo "2494"]
[PlyCount "80"]
[EventDate "2021.??.??"]

1. d4 Nf6 2. c4 e6 3. Nc3 Bb4 4. Bg5 h6 5. Bh4 b6 6. f3 c5 7. d5 exd5 8. cxd5
O-O 9. e4 Re8 10. Qb3 d6 11. Bb5 Bd7 12. Bxd7 Nbxd7 13. Nge2 Ne5 14. O-O a6 15.
a4 Ng6 16. Bf2 Nh5 17. g3 Qg5 18. Qc2 Nh4 19. f4 Qg4 20. h3 Qxh3 21. gxh4 f5
22. Be1 fxe4 23. Rf2 Re7 24. Rh2 Qe3+ 25. Bf2 Qd3 26. Qxd3 exd3 27. Ng3 Nxf4
28. Nf5 Ne2+ 29. Nxe2 Rxe2 30. Nxd6 Rf8 31. Bg3 Re3 32. Bf2 Re2 33. Bg3 Re3 34.
Bf2 Re5 35. Nc4 Re4 36. Ne3 c4 37. Nd1 Re2 38. Bxb6 Re1+ 39. Kg2 Rff1 40. Bc7
Rxd1 0-1

[Event "BL 1920 SG Speyer-Schwegenheim - Hambur"]
[Site "?"]
[Date "2021.10.14"]
[Round "10.6"]
[White "Nemeth, Miklos"]
[Black "Sebastian, Dirk"]
[Result "1-0"]
[WhiteElo "2468"]
[BlackElo "2448"]
[PlyCount "141"]
[EventDate "2021.??.??"]

1. e4 c5 2. Nf3 Nc6 3. d4 cxd4 4. Nxd4 Nf6 5. Nc3 e5 6. Ndb5 d6 7. Bg5 a6 8.
Na3 b5 9. Bxf6 gxf6 10. Nd5 Bg7 11. g3 f5 12. Bg2 fxe4 13. Bxe4 Be6 14. Qh5 Rc8
15. O-O Ne7 16. Rad1 Nxd5 17. Bxd5 O-O 18. Bxe6 fxe6 19. Qg4 Qd7 20. c3 d5 21.
Rd2 Qf7 22. Qe2 Qg6 23. Nc2 Rc4 24. Ne3 Rcf4 25. Ng2 R4f7 26. a4 bxa4 27. Qxa6
Bh6 28. Re2 e4 29. Qxa4 Qg4 30. Qa6 Kh8 31. Rfe1 Rf3 32. Rc2 e3 33. fxe3 Qe4
34. Qe2 e5 35. Rd2 Rb8 36. b4 Rc8 37. Qd3 Qxd3 38. Rxd3 e4 39. Rxd5 Rxc3 40.
Rd8+ Kg7 41. Rd7+ Kg8 42. Ra1 Rc2 43. b5 Rb2 44. Nf4 Rxe3 45. b6 Bf8 46. b7
Reb3 47. Ne6 Rxb7 48. Ra8 Rb8 49. Rd8 Rxa8 50. Rxa8 Kf7 51. Nxf8 e3 52. Nxh7
Kg6 53. Re8 e2 54. Re7 e1=Q+ 55. Rxe1 Kxh7 56. Rf1 Kg6 57. Rf2 Rb6 58. Kg2 Ra6
59. Rb2 Ra7 60. Kh3 Kg7 61. Kh4 Rc7 62. Rb5 Ra7 63. Kg5 Rc7 64. h4 Ra7 65. h5
Rc7 66. g4 Ra7 67. Re5 Rb7 68. h6+ Kg8 69. Kh5 Rb8 70. g5 Ra8 71. g6 1-0

[Event "BL 1920 SG Speyer-Schwegenheim - Hambur"]
[Site "?"]
[Date "2021.10.14"]
[Round "10.7"]
[White "Meissner, Felix"]
[Black "Kovacs, Gabor"]
[Result "1-0"]
[WhiteElo "2372"]
[BlackElo "2455"]
[PlyCount "117"]
[EventDate "2021.??.??"]

1. e4 e5 2. Nf3 Nf6 3. Nxe5 d6 4. Nd3 Nxe4 5. Qe2 Qe7 6. Nf4 Nf6 7. d4 Qxe2+ 8.
Bxe2 Bf5 9. c3 Be7 10. Nd2 Nbd7 11. Nc4 h6 12. Ne3 Bh7 13. h4 O-O-O 14. h5 Rde8
15. Bc4 Rhf8 16. f3 Nb6 17. Bb3 c6 18. a4 d5 19. Kf2 Bd6 20. Ne2 Re6 21. a5 Na8
22. Bd2 Rfe8 23. Rae1 Nc7 24. g4 Nb5 25. Ng2 Bc7 26. Ngf4 R6e7 27. a6 bxa6 28.
Nc1 Nd7 29. Rxe7 Rxe7 30. Rg1 f6 31. Ncd3 Bd6 32. Ra1 Kb7 33. Bc2 Kb6 34. Ng6
Re8 35. b4 Kb7 36. Nc5+ Nxc5 37. bxc5 Bc7 38. Bf5 Bxg6 39. hxg6 Bd8 40. Re1 Rh8
41. Bd7 Nc7 42. Bf4 h5 43. Kg2 hxg4 44. fxg4 Rh4 45. Kg3 Rh8 46. Kg2 Rh4 47.
Bg3 Rh8 48. Bxc7 Kxc7 49. Be8 a5 50. Re6 a4 51. Bxc6 Rh6 52. Bxa4 Rxg6 53. Kg3
Rg5 54. Kf4 g6 55. Bc2 a5 56. Re8 a4 57. Bxa4 f5 58. Bd1 fxg4 59. Bxg4 1-0

[Event "BL 1920 SG Speyer-Schwegenheim - Hambur"]
[Site "?"]
[Date "2021.10.14"]
[Round "10.8"]
[White "Boguslawski, Oleg"]
[Black "Bracker, Frank"]
[Result "0-1"]
[WhiteElo "2390"]
[BlackElo "2378"]
[PlyCount "104"]
[EventDate "2021.??.??"]

1. e4 c5 2. Nf3 e6 3. d4 cxd4 4. Nxd4 Nc6 5. Nc3 Qc7 6. Be3 a6 7. Qf3 Nf6 8.
Qg3 Qxg3 9. hxg3 Ng4 10. Nxc6 Nxe3 11. Nd4 Nxf1 12. Rxf1 b5 13. O-O-O Bb7 14.
f3 Bb4 15. a3 Bxc3 16. bxc3 Ke7 17. Kb2 Rhc8 18. Rh1 h6 19. Nb3 Ra7 20. Rd4 Bc6
21. Na5 Rac7 22. Rhd1 d5 23. Nxc6+ Rxc6 24. exd5 Rxc3 25. R1d2 e5 26. d6+ Kd7
27. Re4 R3c5 28. a4 bxa4 29. Rxa4 Rb8+ 30. Kc1 Rb6 31. Rd3 a5 32. Rda3 Ra6 33.
Rb3 Kxd6 34. Rb7 Ke6 35. g4 g6 36. Rb8 Kf6 37. Rh8 Kg5 38. Re8 Rac6 39. Kd1 f6
40. Ra2 Kf4 41. Rh8 Kg3 42. Rxh6 Kxg2 43. Rxg6 Kxf3 44. Ra3+ Kf4 45. c3 e4 46.
Ke2 Rg5 47. Rh6 Rb5 48. c4 Rb2+ 49. Ke1 Kxg4 50. Rxa5 Rc2 51. c5 Kg5 52. Rh8 f5
0-1

[Event "BL 1920 USV TU Dresden - SV Mülheim No"]
[Site "?"]
[Date "2021.10.14"]
[Round "10.1"]
[White "Navara, David"]
[Black "Nisipeanu, Liviu-Dieter"]
[Result "1/2-1/2"]
[WhiteElo "2691"]
[BlackElo "2644"]
[PlyCount "66"]
[EventDate "2021.??.??"]

1. e4 c5 2. Nf3 e6 3. d4 cxd4 4. Nxd4 Nf6 5. Nc3 Nc6 6. Nxc6 bxc6 7. e5 Nd5 8.
Ne4 Bb7 9. Be2 c5 10. O-O Qc7 11. c4 Ne3 12. Bxe3 Bxe4 13. Bf4 Be7 14. Re1 Qb7
15. Bf1 O-O 16. Qe2 Bc6 17. Rad1 f6 18. Rd3 fxe5 19. Bxe5 Bh4 20. g3 Bf6 21. f4
Bxe5 22. Qxe5 Rf5 23. Qe2 a5 24. Bg2 Bxg2 25. Rb3 Qa6 26. Kxg2 Raf8 27. Rd1 a4
28. Re3 Qb7+ 29. Qf3 Qxb2+ 30. Re2 Qb4 31. Rxd7 Qxc4 32. Qe4 Qxe4+ 33. Rxe4 Rd5
1/2-1/2

[Event "BL 1920 USV TU Dresden - SV Mülheim No"]
[Site "?"]
[Date "2021.10.14"]
[Round "10.2"]
[White "Gajewski, Grzegorz"]
[Black "Nguyen, Thai Dai Van"]
[Result "1/2-1/2"]
[WhiteElo "2608"]
[BlackElo "2577"]
[PlyCount "42"]
[EventDate "2021.??.??"]

1. c4 Nf6 2. Nc3 c5 3. g3 e6 4. Nf3 b6 5. Bg2 Bb7 6. O-O Be7 7. d4 cxd4 8. Qxd4
O-O 9. Rd1 d6 10. b3 Nbd7 11. Bb2 a6 12. e4 Nc5 13. Qe3 Nfxe4 14. Nxe4 Bxe4 15.
b4 Bxf3 16. Bxf3 Na4 17. Bxg7 Kxg7 18. Bxa8 Qxa8 19. Rxd6 Bxd6 20. Qg5+ Kh8 21.
Qf6+ Kg8 1/2-1/2

[Event "BL 1920 USV TU Dresden - SV Mülheim No"]
[Site "?"]
[Date "2021.10.14"]
[Round "10.3"]
[White "Fridman, Daniel"]
[Black "Bartel, Mateusz"]
[Result "1/2-1/2"]
[WhiteElo "2624"]
[BlackElo "2597"]
[PlyCount "61"]
[EventDate "2021.??.??"]

1. Nf3 d5 2. d4 e6 3. g3 b5 4. Bg2 Bb7 5. O-O Nf6 6. a4 b4 7. c4 bxc3 8. Nxc3
Na6 9. a5 Be7 10. Bg5 O-O 11. Bxf6 gxf6 12. Ne1 Rb8 13. Nd3 c5 14. e3 Kh8 15.
dxc5 Nxc5 16. Nxc5 Bxc5 17. Qh5 f5 18. Rfc1 Be7 19. Nb5 Bf6 20. Nd4 Bxd4 21.
exd4 Ba6 22. Qh6 Rxb2 23. Rc6 Bc4 24. Rc7 Kg8 25. Rxa7 Qb8 26. Rb7 Rxb7 27.
Qg5+ Kh8 28. Qf6+ Kg8 29. Qg5+ Kh8 30. Qf6+ Kg8 31. Qg5+ 1/2-1/2

[Event "BL 1920 USV TU Dresden - SV Mülheim No"]
[Site "?"]
[Date "2021.10.14"]
[Round "10.4"]
[White "Vogel, Roven"]
[Black "Feygin, Michael"]
[Result "1-0"]
[WhiteElo "2453"]
[BlackElo "2455"]
[PlyCount "103"]
[EventDate "2021.??.??"]

1. c4 e6 2. Nc3 d5 3. d4 c5 4. cxd5 cxd4 5. Qa4+ Bd7 6. Qxd4 exd5 7. Qxd5 Nf6
8. Qd1 Nc6 9. Nf3 Qb6 10. e3 O-O-O 11. Be2 Bf5 12. Qa4 Bb4 13. O-O Bxc3 14.
bxc3 Ne4 15. Qc4 Kb8 16. Ba3 Bg6 17. Rab1 Na5 18. Qb4 Qxb4 19. Bxb4 Nc6 20.
Rbc1 Rc8 21. Ba3 Rhd8 22. c4 f6 23. Bb2 Bf7 24. Bd4 Na5 25. Bd3 Nc5 26. Bf5 Ne6
27. c5 Rc6 28. Rc2 Rc7 29. Rfc1 Nc6 30. Rd2 Rcd7 31. Rcd1 h6 32. h4 Kc7 33. g4
Rd5 34. Kh2 Bg8 35. Be4 R5d7 36. Kg3 Ne7 37. h5 Nc6 38. Bc2 Bf7 39. Be4 Bg8 40.
Bf5 Bf7 41. Rb2 Rb8 42. Rd3 Bg8 43. Be4 Re8 44. Be5+ Nxe5 45. Nxe5 Rxd3 46.
Rxb7+ Kc8 47. Nxd3 Nd8 48. Rxg7 Bxa2 49. Bf5+ Kb8 50. Nb4 Bf7 51. Nc6+ Nxc6 52.
Rxf7 1-0

[Event "BL 1920 USV TU Dresden - SV Mülheim No"]
[Site "?"]
[Date "2021.10.14"]
[Round "10.5"]
[White "Buckels, Valentin"]
[Black "Maiwald, Jens-Uwe"]
[Result "1/2-1/2"]
[WhiteElo "2457"]
[BlackElo "2437"]
[PlyCount "66"]
[EventDate "2021.??.??"]

1. d4 g6 2. Nf3 Bg7 3. g3 c5 4. d5 d6 5. Bg2 b5 6. a4 b4 7. O-O Nf6 8. Re1 O-O
9. e4 Nbd7 10. a5 Ne8 11. Ra2 Nc7 12. Bf4 b3 13. cxb3 Rb8 14. Na3 Ba6 15. Nc4
Bxc4 16. bxc4 Bxb2 17. e5 Nxe5 18. Nxe5 Bxe5 19. Bxe5 dxe5 20. Rxe5 Ne8 21. Qe1
Nd6 22. Rxe7 a6 23. Bh3 Nxc4 24. Rd7 Qf6 25. Re2 Nd6 26. Re3 Rb2 27. Kg2 Nc4
28. Rf3 Qe5 29. Qc1 Qe4 30. Bf5 gxf5 31. Qg5+ Kh8 32. Qf6+ Kg8 33. Qg5+ Kh8
1/2-1/2

[Event "BL 1920 USV TU Dresden - SV Mülheim No"]
[Site "?"]
[Date "2021.10.14"]
[Round "10.6"]
[White "Tischbierek, Raj"]
[Black "Saltaev, Mihail"]
[Result "1/2-1/2"]
[WhiteElo "2438"]
[BlackElo "2473"]
[PlyCount "48"]
[EventDate "2021.??.??"]

1. e4 c6 2. d4 d5 3. Nd2 dxe4 4. Nxe4 Bf5 5. Qf3 e6 6. Ne2 Nd7 7. N2g3 Bg6 8.
h4 Ndf6 9. c3 Nxe4 10. Nxe4 h5 11. Bd3 Nh6 12. Bg5 Be7 13. Qf4 Nf5 14. Bxe7
Qxe7 15. O-O-O O-O-O 16. Ng5 Rd5 17. g3 Rhd8 18. Rhe1 Nxd4 19. Bc4 Rf5 20. Qe3
Nc2 21. Qxa7 Rxg5 22. hxg5 Nxe1 23. Qa8+ Kc7 24. Qa5+ Kc8 1/2-1/2

[Event "BL 1920 USV TU Dresden - SV Mülheim No"]
[Site "?"]
[Date "2021.10.14"]
[Round "10.7"]
[White "Hausrath, Daniel"]
[Black "Loxine, Jakov"]
[Result "1/2-1/2"]
[WhiteElo "2482"]
[BlackElo "2394"]
[PlyCount "44"]
[EventDate "2021.??.??"]

1. Nf3 c5 2. c4 g6 3. e4 Bg7 4. d4 cxd4 5. Nxd4 Nc6 6. Be3 Nf6 7. Nc3 d6 8. Be2
O-O 9. O-O Bd7 10. h3 Nxd4 11. Bxd4 Bc6 12. Qc2 a5 13. Rad1 Qb8 14. Rfe1 Re8
15. Nd5 Nd7 16. Bxg7 Kxg7 17. b3 Nc5 18. Bg4 e5 19. h4 h5 20. Bh3 Qd8 21. g3
Bxd5 22. Rxd5 Qb6 1/2-1/2

[Event "BL 1920 USV TU Dresden - SV Mülheim No"]
[Site "?"]
[Date "2021.10.14"]
[Round "10.8"]
[White "Richter, Philipp"]
[Black "Zelbel, Patrick"]
[Result "0-1"]
[WhiteElo "2227"]
[BlackElo "2453"]
[PlyCount "56"]
[EventDate "2021.??.??"]

1. d4 Nf6 2. c4 g6 3. f3 c5 4. d5 d6 5. e4 Bg7 6. Nc3 e6 7. Nge2 exd5 8. cxd5
Nbd7 9. Ng3 h5 10. Be2 Nh7 11. Be3 h4 12. Nf1 O-O 13. Nd2 f5 14. g3 Qe7 15. Qc2
fxe4 16. Ndxe4 Ne5 17. O-O a6 18. a4 Bh3 19. Rf2 Rae8 20. Rb1 Bf5 21. b4 hxg3
22. hxg3 Ng4 23. bxc5 Nxe3 24. Qd3 Bxc3 25. Qxc3 Bxe4 26. cxd6 Qxd6 27. Rxb7
Qxg3+ 28. Kh1 Re5 0-1

[Event "BL 1920 SF Berlin - SG Solingen"]
[Site "?"]
[Date "2021.10.14"]
[Round "10.1"]
[White "Ragger, Markus"]
[Black "Piorun, Kacper"]
[Result "1-0"]
[WhiteElo "2664"]
[BlackElo "2655"]
[PlyCount "95"]
[EventDate "2021.??.??"]

1. e4 e5 2. Nf3 Nc6 3. Bc4 Nf6 4. Ng5 d5 5. exd5 Na5 6. Bb5+ c6 7. dxc6 bxc6 8.
Bd3 Nd5 9. Nf3 Bd6 10. O-O Nf4 11. Nc3 O-O 12. Be2 c5 13. d3 Ng6 14. Nd2 Be6
15. Nc4 Be7 16. Bf3 Rc8 17. Nxa5 Qxa5 18. Bd5 Qb6 19. Qf3 Rcd8 20. Qe4 Kh8 21.
Bxe6 Qxe6 22. f4 f5 23. Qe2 Bd6 24. Bd2 Rde8 25. Rae1 Qd7 26. fxe5 Nxe5 27. Qh5
c4 28. d4 Bc7 29. dxe5 Qxd2 30. e6 Qd6 31. Kh1 Rxe6 32. Nb5 Rxe1 33. Rxe1 Qd7
34. Nxc7 Qxc7 35. Qxf5 Qd6 36. Qe4 Qf6 37. h3 Qxb2 38. Qxc4 h6 39. Qc5 Qb8 40.
c4 Qf4 41. Qe7 Rc8 42. Re4 Qf1+ 43. Kh2 Rxc4 44. Qxa7 Rc1 45. Qd4 Qh1+ 46. Kg3
Rc6 47. Qd8+ Kh7 48. Qd3 1-0